| 000 | 01973cam a2200325 4500500 | ||
|---|---|---|---|
| 005 | 20260301000658.0 | ||
| 041 | _afre | ||
| 042 | _adc | ||
| 100 | 1 | 0 |
_aGuéraud-Pinet, Guylaine _eauthor |
| 245 | 0 | 0 | _aForms and media treatment of explorations. The case of the mediatisation of the origins of life and extraterrestrial life on French television and on YouTube (1959-2018) |
| 260 | _c2023. | ||
| 500 | _a66 | ||
| 520 | _aThe origins of life and extraterrestrial life are at the basis of major scientific and societal questions, but also of major explorations. However, their media treatment remains an unexplored field in research on the mediatisation of science. This article studies the mediatisation of the origins of life in French and Francophone audiovisual media from 1959 to 2018. It is based on the statistical and semiotic analysis of two corpora of video productions corresponding to 120 television programmes and 134 videos broadcast on YouTube. The results show that this issue related to scientific news has been present in the media for almost 60 years. From a traditional media to a video hosting platform, its treatment continues (popularisation of science), but also shows mutations (dissemination of media forms, multiplication of actors/content producers; counter-narrative). | ||
| 690 | _aaudiovisual forms | ||
| 690 | _aexplorations | ||
| 690 | _amedia treatment | ||
| 690 | _amediatisation of sciences | ||
| 690 | _ascience popularisation | ||
| 690 | _atelevision | ||
| 690 | _aYouTube | ||
| 690 | _aaudiovisual forms | ||
| 690 | _aexplorations | ||
| 690 | _amedia treatment | ||
| 690 | _amediatisation of sciences | ||
| 690 | _ascience popularisation | ||
| 690 | _atelevision | ||
| 690 | _aYouTube | ||
| 786 | 0 | _nQuestions de communication | o 42 | 2 | 2023-03-13 | p. 159-185 | 1633-5961 | |
| 856 | 4 | 1 | _uhttps://shs.cairn.info/journal-questions-de-communication-2022-2-page-159?lang=en&redirect-ssocas=7080 |
| 999 |
_c1672045 _d1672045 |
||